| 000 | 01632nam a2200505 i 4500 | ||
|---|---|---|---|
| 001 | 29759 | ||
| 003 | KOSZ 005 | ||
| 005 | 20201016140723.0 | ||
| 008 | 970513s1992 pl a f |000 0 pol | ||
| 015 | _aUWD 1992/6511 | ||
| 020 | _a8320414644 | ||
| 035 | _a991001399129705066 | ||
| 035 | _a(PL-WaBN)b10404387-48omnis_nlop | ||
| 035 | _ab10404387 | ||
| 035 | _a(OCoLC)751539525 | ||
| 035 | _a(PL)b0000001040438 | ||
| 035 | _a(EXLNZ-48OMNIS_NETWORK)9910278594105606 | ||
| 040 |
_aWA N _cWA N _dKOSZ 005/HR |
||
| 046 | _k1992 | ||
| 080 | _a697 | ||
| 080 | _a662.76 | ||
| 080 | _a662.9 | ||
| 080 | _a(07) | ||
| 100 | 1 |
_aKowalski, Czesław _d(1926-1992) _eAutor |
|
| 245 | 1 | 0 |
_aKotły gazowe centralnego ogrzewania : _bwodne niskotemperaturowe / _cCzesław Kowalski. |
| 260 |
_aWarszawa : _bWydawnictwa Naukowo-Techniczne, _c1992. |
||
| 300 |
_a375, [1] s. : _bfot., rys., wykr. ; _c24 cm. |
||
| 336 |
_aTekst _btxt _2rdacontent |
||
| 337 |
_aBez urządzenia pośredniczącego _bn _2rdamedia |
||
| 338 |
_aWolumin _bnc _2rdacarrier |
||
| 380 | _aKsiążki | ||
| 380 | _aPublikacje fachowe | ||
| 388 | _a1901-2000 | ||
| 388 | _a1989-2000 | ||
| 504 | _aBibliogr. s. 374-[376]. | ||
| 650 | 7 |
_aKotły gazowe _2DBN |
|
| 650 | 7 | _aObsługa i eksploatacja | |
| 655 | 7 |
_aPodręcznik _2DBN |
|
| 658 | _aInżynieria i technika | ||
| 658 | _aArchitektura i budownictwo | ||
| 710 | 2 |
_aWydawnictwa Naukowo-Techniczne _4pbl |
|
| 856 |
_uhttp://koha.tu.koszalin.pl/cgi-bin/koha/opac-detail.pl?biblionumber=29759 _yKatalog online BPK |
||
| 942 |
_2UKD _cKS |
||
| 999 |
_c29759 _d29759 |
||